<?xml version="1.0" encoding="UTF-8"?>
<record
    xmlns:xsi="http://www.w3.org/2001/XMLSchema-instance"
    xsi:schemaLocation="http://www.loc.gov/MARC21/slim http://www.loc.gov/standards/marcxml/schema/MARC21slim.xsd"
    xmlns="http://www.loc.gov/MARC21/slim">

  <leader>01433nam a22001937a 4500</leader>
  <controlfield tag="008">120712t        xxu||||| |||| 00| 0 eng d</controlfield>
  <datafield tag="020" ind1=" " ind2=" ">
    <subfield code="a">0471245291</subfield>
  </datafield>
  <datafield tag="050" ind1=" " ind2=" ">
    <subfield code="a">QA76.64.F29</subfield>
  </datafield>
  <datafield tag="100" ind1=" " ind2=" ">
    <subfield code="a">Fayad, Mohamed</subfield>
  </datafield>
  <datafield tag="245" ind1=" " ind2=" ">
    <subfield code="a">Transition to object oriented software development. /</subfield>
    <subfield code="c">Mohammed, Fayad</subfield>
  </datafield>
  <datafield tag="260" ind1=" " ind2=" ">
    <subfield code="a">New York:</subfield>
    <subfield code="b">Jihn Wiley &amp; Sons Inc,</subfield>
    <subfield code="c">1998.</subfield>
  </datafield>
  <datafield tag="300" ind1=" " ind2=" ">
    <subfield code="a">xi, 354 p.:</subfield>
    <subfield code="b">ill.;</subfield>
    <subfield code="c">20cm.</subfield>
  </datafield>
  <datafield tag="500" ind1=" " ind2=" ">
    <subfield code="a">Includes Index.</subfield>
  </datafield>
  <datafield tag="505" ind1=" " ind2=" ">
    <subfield code="a">Contents: A Transition framework -- Transition planning -- Planning and preproject activities: Effective development planning -- Dealing with culture change -- Object oriented insertion activities: Selecting the right object-oriented technique -- Selecting the right computer - aided software engineering tool -- Staffing and organising the project -- Training -- Dealing with legacy systems -- Budget for reuse -- Object-oreinted project management activites : Analyzing, modelling and protyping -- Effective project tracking and control -- Defining and documenting the development process -- Applying software metrics -- Inspecting object-oriented software products -- Integrating software documentation -- Sample process for software inspection -- Appendix B: Summary of tips and practical advice -- Appendix C: Annotated references.</subfield>
  </datafield>
  <datafield tag="650" ind1=" " ind2=" ">
    <subfield code="a">Object-oriented programming (Computer science) </subfield>
  </datafield>
  <datafield tag="650" ind1=" " ind2=" ">
    <subfield code="a">Computer software </subfield>
    <subfield code="x">Development. </subfield>
  </datafield>
  <datafield tag="700" ind1=" " ind2=" ">
    <subfield code="a">Laitinen, Mauri</subfield>
  </datafield>
  <datafield tag="942" ind1=" " ind2=" ">
    <subfield code="2">lcc</subfield>
    <subfield code="c">BK</subfield>
  </datafield>
  <datafield tag="999" ind1=" " ind2=" ">
    <subfield code="c">1683</subfield>
    <subfield code="d">9183</subfield>
  </datafield>
  <datafield tag="952" ind1=" " ind2=" ">
    <subfield code="0">0</subfield>
    <subfield code="1">0</subfield>
    <subfield code="2">lcc</subfield>
    <subfield code="4">0</subfield>
    <subfield code="7">0</subfield>
    <subfield code="a">WIUC-1</subfield>
    <subfield code="b">WIUC-1</subfield>
    <subfield code="c">GEN</subfield>
    <subfield code="d">2012-07-12</subfield>
    <subfield code="l">0</subfield>
    <subfield code="o">QA76.64.F29</subfield>
    <subfield code="p">5155/12</subfield>
    <subfield code="r">2012-07-12 00:00:00</subfield>
    <subfield code="t">1</subfield>
    <subfield code="w">2012-07-12</subfield>
    <subfield code="y">BK</subfield>
  </datafield>
</record>
